| 000 | 00422nam a2200181Ia 4500 | ||
|---|---|---|---|
| 008 | 230711s9999||||xx |||||||||||||| ||und|| | ||
| 020 | _a978-0-7020-7447-9 | ||
| 041 | _aENG | ||
| 082 |
_a615.1 _bRI-R |
||
| 100 | _aRitter,James M | ||
| 245 | 0 | _aRang & Dale's Pharmacology | |
| 250 | _a9th Ed. | ||
| 260 |
_c2020 _aNew Delhi _bElsevier |
||
| 300 | _a789p. | ||
| 650 | _aPharmacy | ||
| 700 | _aFlower, Rod | ||
| 942 | _cBK | ||
| 999 |
_c7479 _d7479 |
||